Brentford FC Squad 2021-2022 - Statistics

General Stats
  • This quiz has been taken 199 times
    139 since last reset
  • The average score is 17 of 34
Answer Stats
# Position Nation Player % Correct
1 GK Spain David Raya
94%
17 FW England Ivan Toney
88%
19 FW France Bryan Mbeumo
83%
21 MF Denmark Christian Eriksen
83%
11 FW DR Congo Yoane Wissa
78%
5 DF Jamaica Ethan Pinnock
75%
3 DF England Rico Henry
74%
6 MF Denmark Christian Nørgaard
73%
7 FW Spain Sergi Canós
71%
8 MF Denmark Mathias Jensen
68%
15 MF Nigeria Frank Onyeka
67%
18 DF Sweden Pontus Jansson
67%
- Coach Denmark Thomas Frank
63%
14 MF Iran Saman Ghoddos
60%
20 DF Norway Kristoffer Ajer
59%
10 MF England Josh Dasilva
57%
27 MF Germany Vitaly Janelt
57%
26 MF Grenada Shandon Baptiste
48%
40 GK Spain Álvaro Fernández
45%
22 DF Denmark Mathias Jørgensen
45%
9 FW Finland Marcus Forss
43%
49 GK Denmark Jonas Lössl
41%
29 DF Denmark Mads Bech Sørensen
37%
4 DF England Charlie Goode
35%
16 FW Ecuador Joel Valencia
33%
24 FW Ghana Tariqe Fosu
32%
23 DF Guinea Julian Jeanvier
28%
36 DF Wales Fin Stevens
24%
2 DF England Dominic Thompson
22%
30 DF Denmark Mads Roerslev Rasmussen
22%
28 MF Denmark Mads Bidstrup
21%
31 MF Czech Republic Jan Žambůrek
19%
25 MF England Myles Peart-Harris
19%
32 DF Denmark Luka Račić
7%
No matching quizzes found
Score Distribution
Percent of People with Each Score
Percentile by Number Answered
Your Score History
You have not taken this quiz since the last reset